000 01866nam a2200349 a 4500
001 44922
003 BD-RJUL
005 20211209053934.0
008 160721s1995 nyua b i001 0 eng d
020 _a9211044502
035 _aBD-RJUL 45040
040 _aUIU
_cUIU
_beng
_dBD-RJUL
041 _aeng
082 _223
_a332.6
_bWOR 1995
088 _aUNCTAD/ITE/IIT/Misc.20
245 0 0 _aWorld investment report 1995 :
_btransnational corporations and competitiveness /
260 _aNew York :
_bUnited Nations,
_c1995
300 _axv, 440 p. :
_bill. ;
_c30 cm.
500 _a"UNCTAD/ITE/IIT/Misc.20"
500 _a"United Nations publications, Sales No. E.00.II.D.35"--T.p. verso.
504 _aIncludes bibliographical references (p. 217-231) and index.
505 0 _aCompetitiveness, restructuring and FDI: an analytical framework -- Economic background to the case studies -- The colour TV receiver industry -- The garment industry -- TNCs, industrial restructuring and competitiveness in the automotive industry in NAFTA, MERCOSUR, and ASEAN -- FDI, restructuring and competitiveness in two resource-rich economies: Chile and Zimbabwe -- The competitive challenge: conclusions and policy recommendations.
650 0 _aCompetition, International
_vCase studies.
_9137667
650 0 _aAutomobile industry and trade
_zDeveloping countries
_vCase studies.
_9137668
650 0 _aTelevision supplies industry
_zDeveloping countries
_vCase studies.
_9137669
650 0 _aClothing trade
_zDeveloping countries
_vCase studies.
_9137670
650 0 _aIndustrial policy
_zDeveloping countries
_vCase studies.
_9137671
650 0 _aInvestments, Foreign
_zDeveloping countries
_vCase studies.
_9137672
650 0 _aInternational business enterprises.
_9137673
710 2 _aUnited Nations Conference on Trade and Development.
_9137674
942 _2ddc
_cBK
999 _c44922
_d44922